HIGH COURT CRIMINAL SESSION NO.575 OF 1970 Uganda Vs Lawrensio Kawoya Bosibosi (Record no. 6618)
[ view plain ]
| 000 -LEADER | |
|---|---|
| fixed length control field | 00479nam a22001097a 4500 |
| 008 - FIXED-LENGTH DATA ELEMENTS--GENERAL INFORMATION | |
| fixed length control field | 150623b xxu||||| |||| 00| 0 eng d |
| 010 ## - LIBRARY OF CONGRESS CONTROL NUMBER | |
| Field link and sequence number | HCCRS ARF:007 |
| 245 ## - TITLE STATEMENT | |
| Title | HIGH COURT CRIMINAL SESSION NO.575 OF 1970 Uganda Vs Lawrensio Kawoya Bosibosi |
| 260 ## - PUBLICATION, DISTRIBUTION, ETC. (IMPRINT) | |
| Place of publication, distribution, etc | High Court Kampala |
| 500 ## - GENERAL NOTE | |
| Materials specified | Original criminal case no.A.30 of 1970 of the Chief Magistrate's Court of Mengo at Mengo Before- M.M.Patel,Esq., Magistrate Grade 1.) |
| 500 ## - GENERAL NOTE | |
| Materials specified | BEFORE:The Honourable Mr.Justice A.W.K.Mukasa |
| Withdrawn status | Lost status | Source of classification or shelving scheme | Damaged status | Koha normalized classification for sorting | Not for loan | Location (home branch) | Sublocation or collection (holding branch) | Shelving location | Date acquired | Koha issues (times borrowed) | Koha full call number | Piece designation (barcode) | Koha date last seen | Price effective from | Koha item type | Public note |
|---|---|---|---|---|---|---|---|---|---|---|---|---|---|---|---|---|
| Dewey Decimal Classification | HCCRS_ARF007 | Archives | Archives | Archives | 06/23/2015 | HCCRS ARF:007 | 0972/2015 | 06/23/2015 | 06/23/2015 | Un Reported Cases | Judgement was entered on 22nd October 1970 | |||||
| Dewey Decimal Classification | HCCRS_ARF007 | Archives | Archives | Archives | 06/23/2015 | HCCRS ARF:007 | 0973/2015 | 06/23/2015 | 06/23/2015 | Un Reported Cases | Judgement was entered on 22nd October 1970 |
